Socialism

Zapisane w:
Opis bibliograficzny
1. autor: Flint, Robert
Format: Książka
Język:Undetermined
Wydane: London Isbister and Company, Ltd. 1894
Hasła przedmiotowe:
Etykiety: Dodaj etykietę
Nie ma etykietki, Dołącz pierwszą etykiete!
Thư viện lưu trữ: Trung tâm Học liệu Trường Đại học Cần Thơ
LEADER 00423nam a2200169Ia 4500
001 CTU_79571
008 210402s9999 xx 000 0 und d
082 |a 335 
082 |b F623 
100 |a Flint, Robert 
245 0 |a Socialism 
245 0 |c Robert Flint 
260 |a London 
260 |b Isbister and Company, Ltd. 
260 |c 1894 
650 |a Socialism 
980 |a Trung tâm Học liệu Trường Đại học Cần Thơ